Materials selection for the chemical process industries /
Guardado en:
| Autor Principal: | |
|---|---|
| Formato: | Libro |
| Idioma: | English |
| Publicado: |
New York :
McGraw-Hill,
c1992.
|
| Materias: | |
| Etiquetas: |
Agregar Etiqueta
Sin Etiquetas, Sea el primero en etiquetar este registro!
|
| LEADER | 00821cam a22002295a 4500 | ||
|---|---|---|---|
| 001 | EIQ.libpla003752 | ||
| 008 | 910521s1992####nyua#####b####001#0#eng#d | ||
| 005 | 20080310172048.0 | ||
| 245 | 1 | 0 | |a Materials selection for the chemical process industries / |c C.P. Dillon. |
| 260 | |a New York : |b McGraw-Hill, |c c1992. | ||
| 300 | |a xi, 337 p. : |b il. ; |c 24 cm. | ||
| 504 | |a Incluye referencias bibliográficas e índice. | ||
| 020 | |a 0070169845 | ||
| 100 | 1 | |a Dillon, C. P. | |
| 082 | 0 | 0 | |a 660/.283 |2 20 |
| 650 | 4 | |a Fábrica de productos químicos |x Equipo y fuentes. | |
| 650 | 4 | |a Fábrica de productos químicos |x Corrosión. | |
| 650 | 4 | |a Chemical plants |x Equipment and supplies. | |
| 650 | 4 | |a Chemical plants |x Corrosion. | |
| 010 | |a 91021059 | ||
| 040 | |a DLC |c DLC |d AR-BbSID | ||
| 859 | |a AR-BbSID |b BIB. PLAPIQUI |h 660.283 |i D 54 |p 4029 | ||
